[Event "It (open)"]
[Site "masterchessopen.com - Birigui (Brazil)"]
[Round "3"]
[White "Moreira Ronaldo Alonso (BRA)"]
[Black "Alonso Nickolas (BRA)"]
[Result "0-1"]
[WhiteElo "2013"]
[BlackElo "2101"]

1.d4 Nf6 2.c4 c5 3.d5 b5 4.cxb5 a6 5.bxa6 g6 6.Nc3 Bxa6 7.g3 d6 8.Bg2 Bg7
9.Nf3 O-O 10.Rb1 Nbd7 11.b3 Nb6 12.Bb2 Bc8 13.e4 Nbd7 14.O-O Ba6 15.Re1 Ng4
16.a4 Qa5 17.Na2 Bxb2 18.Rxb2 Rfb8 19.Bf1 Nge5 20.Nxe5 Nxe5 21.Kg2 Bxf1+
22.Rxf1 c4 23.f4 Nd3 24.Rb1 cxb3 25.Rxb3 Rxb3 26.Qxb3 Qd2+ 27.Kh1 Nf2+ 28.Kg2
Ng4+ {#R} 0-1

[Event "It (open)"]
[Site "masterchessopen.com - Prague (Czech Republic)"]
[Date "2008.01.11"]
[Round "1"]
[White "Meduna Eduard (CZE)"]
[Black "Straka Ondrej (CZE)"]
[Result "1-0"]
[WhiteElo "2469"]
[BlackElo "1957"]

1.d4 Nf6 2.c4 c5 3.d5 b5 4.cxb5 a6 5.bxa6 Bxa6 6.Nc3 g6 7.g3 d6 8.Bg2 Bg7
9.Nf3 O-O 10.Rb1 Nbd7 11.O-O Ra7 12.Qc2 Nb6 13.Rd1 Qa8 14.e4 Nfd7 15.b3 Rb8
16.Bg5 Ne5 17.Nxe5 Bxe5 18.Be3 Bc8 19.a4 Bd7 20.Bf1 Rc7 21.Nb5 Bxb5 22.Bxb5
Qa5 23.b4 Qa7 24.bxc5 dxc5 25.Bxc5 Bd6 26.Bc6 {#r} 1-0

[Event "Ch New Zealand"]
[Site "masterchessopen.com - Auckland (New Zealand)"]
[Date "2008.01.17"]
[Round "4"]
[White "Steadman Michael (NZL)"]
[Black "Hartvig Ove Weiss (DEN)"]
[Result "1-0"]
[WhiteElo "2228"]
[BlackElo "2237"]

1.d4 Nf6 2.c4 c5 3.d5 b5 4.cxb5 a6 5.bxa6 g6 6.Nc3 Bxa6 7.g3 d6 8.Bg2 Bg7
9.Nf3 Nbd7 10.Rb1 Qa5 11.Bd2 O-O 12.O-O Qc7 13.Re1 Nb6 14.e4 Nc4 15.Bc1 Rfb8
16.Qc2 Nd7 17.Rd1 Qa5 18.Bd2 Ra7 19.Be1 Rab7 20.Na4 Qc7 21.Bf1 Nce5 22.Nxe5
Nxe5 23.Bxa6 Nf3+ 24.Kg2 Nxe1+ 25.Rxe1 {#r} 1-0

[Event "Czech League 2007/08 (2nd) (b)"]
[Site "masterchessopen.com - Czech Republic"]
[Date "2008.03.02"]
[Round "9"]
[White "Kratochvil Jakub (CZE)"]
[Black "Cichy Miroslav (CZE)"]
[Result "0-1"]
[WhiteElo "2062"]
[BlackElo "2153"]

1.d4 Nf6 2.c4 c5 3.d5 b5 4.cxb5 a6 5.bxa6 Bxa6 6.Nc3 d6 7.Nf3 g6 8.g3 Bg7
9.Bg2 O-O 10.O-O Nbd7 11.Qc2 Qc7 12.Rd1 Rfb8 13.h3 Nb6 14.Rb1 Bc4 15.b3 Nfxd5
16.Nxd5 Bxd5 17.e4 Bc6 18.Bf4 Qb7 19.Re1 Nd7 20.Nd2 Ne5 21.a4 Qb4 22.Bf1 Rb7
23.Bxe5 Bxe5 24.Red1 Rab8 25.Bc4 e6 26.Nf3 Qc3 27.Qxc3 Bxc3 28.Rd3 Bxe4 {#R}
0-1

[Event "Ch Berlin"]
[Site "masterchessopen.com - Berlin (Germany)"]
[Date "2008.03.23"]
[Round "2"]
[White "Gazmaga Stefan (GER)"]
[Black "Haemmerlein Thomas (GER)"]
[Result "1-0"]
[WhiteElo "2141"]
[BlackElo "2179"]

1.d4 Nf6 2.c4 c5 3.d5 b5 4.cxb5 a6 5.bxa6 g6 6.Nc3 Bxa6 7.g3 Bg7 8.Bg2 d6
9.Nf3 O-O 10.Rb1 Nbd7 11.b3 Qa5 12.Bd2 Qc7 13.O-O Nb6 14.Bc1 Rab8 15.Re1 Ng4
16.Bd2 e6 17.dxe6 fxe6 18.Bh3 h5 19.Qc2 Qf7 20.Ne4 Qf5 21.Nh4 Qd5 22.Bg2 {#r}
1-0

[Event "It (open)"]
[Site "masterchessopen.com - Bargteheide (Germany)"]
[Date "2008.05.03"]
[Round "6"]
[White "Polischtschuk Viktor (GER)"]
[Black "Kopylov Mihail (UKR)"]
[Result "0-1"]
[WhiteElo "2312"]
[BlackElo "2457"]

1.c4 Nf6 2.d4 c5 3.d5 b5 4.cxb5 a6 5.bxa6 Bxa6 6.Nc3 g6 7.Nf3 Bg7 8.g3 d6
9.Bg2 Nbd7 10.O-O Nb6 11.Rb1 Bc4 12.b3 Nbxd5 13.Nxd5 Bxd5 14.a4 Be4 15.Rb2 O-O
16.Bg5 Rb8 17.Nd2 Bxg2 18.Kxg2 Ne4 {#R} 0-1

[Event "It (open)"]
[Site "masterchessopen.com - Differdange (Luxembourg)"]
[Date "2008.05.17"]
[Round "9"]
[White "Linster Philippe (LUX)"]
[Black "Reymann Cedric (FRA)"]
[Result "1-0"]
[WhiteElo "2196"]
[BlackElo "2213"]

1.d4 Nf6 2.c4 c5 3.d5 b5 4.cxb5 a6 5.bxa6 g6 6.Nc3 Bxa6 7.g3 Bg7 8.Bg2 d6
9.Nf3 O-O 10.O-O Nbd7 11.Rb1 Qa5 12.Bd2 Rfb8 13.Qc2 Qc7 14.b3 Nb6 15.Nh4 c4
16.b4 Bb7 17.e4 Qd7 18.b5 Ra3 19.Be3 Qc7 20.Bd4 Rba8 21.Rb4 Ng4 22.Bxg7 Kxg7
23.Nf3 Qc5 24.Qb2 Kg8 25.Bh3 Nf6 26.Nd2 Bc8 27.Bxc8 Rxc8 28.Qxa3 {#r} 1-0

[Event "It \"]
[Site "masterchessopen.com - Bad Homburg (Germany)"]
[Date "2008.05.24"]
[Round "5"]
[White "Froehlich-Dill Astrid (GER)"]
[Black "Brauer Frank (GER)"]
[Result "1-0"]
[WhiteElo "1963"]
[BlackElo "1890"]

1.d4 Nf6 2.c4 c5 3.d5 b5 4.cxb5 a6 5.bxa6 Bxa6 6.Nc3 g6 7.g3 d6 8.Bg2 Bg7
9.Nf3 Nbd7 10.O-O O-O 11.Re1 Qa5 12.Bd2 Rfb8 13.Qc2 Ng4 14.b3 c4 15.h3 Nge5
16.Nd4 Qc7 17.Nc6 Nxc6 18.dxc6 Ne5 19.Nd5 {#r} 1-0

[Event "Ch Germany (juniors) (Internet) (under 14) (qual4)"]
[Site "masterchessopen.com - Internet"]
[Date "2008.06.11"]
[Round "2"]
[White "Buschle Lukas"]
[Black "Bauer Bjoern-Benny"]
[Result "0-1"]
[WhiteElo "1593"]
[BlackElo "1833"]

1.d4 Nf6 2.c4 c5 3.d5 b5 4.cxb5 a6 5.bxa6 Bxa6 6.g3 d6 7.Bg2 g6 8.Nc3 Bg7
9.Nf3 O-O 10.O-O Nbd7 11.Re1 Nb6 12.e4 Nfd7 13.Bf4 Rb8 14.Rb1 Qc7 15.Qc2 Nc4
16.Nd2 Nce5 17.Be3 Bd3 18.Qc1 Bxb1 19.Qxb1 Nb6 20.f4 Nec4 21.Nxc4 Nxc4 22.Nd1
Qa5 23.Re2 Nxe3 24.Nxe3 Bd4 25.a3 Qa6 26.Rf2 Bxe3 27.Qe1 Bxf2+ 28.Qxf2 Rb3
{#R} 0-1

[Event "Ch Pan-American (juniors) (under 20)"]
[Site "masterchessopen.com - Cali (Colombia)"]
[Date "2008.06.15"]
[Round "9"]
[White "Lemos Damian (ARG)"]
[Black "Gallego Andres (COL)"]
[Result "1-0"]
[WhiteElo "2495"]
[BlackElo "2365"]

1.d4 Nf6 2.c4 c5 3.d5 b5 4.cxb5 a6 5.bxa6 g6 6.g3 d6 7.Bg2 Bg7 8.Nf3 Bxa6
9.Nc3 Nbd7 10.O-O O-O 11.b3 Bb7 12.Rb1 Nb6 13.Nh4 Ne8 14.Bb2 Nc7 15.e4 Bxc3
16.Bxc3 Rxa2 17.Ra1 Qa8 18.Qc1 Nb5 19.Nf5 f6 20.Nxe7+ Kf7 21.Nc6 Qa3 22.Rxa2
Qxa2 23.Qh6 Bxc6 24.Bxf6 {#r} 1-0

[Event "It (open)"]
[Site "masterchessopen.com - Teplice (Czech Republic)"]
[Date "2008.06.18"]
[Round "5"]
[White "Jirka Jiri (CZE)"]
[Black "Bujak Michal (CZE)"]
[Result "1-0"]
[WhiteElo "2448"]
[BlackElo "2233"]

1.d4 Nf6 2.c4 c5 3.d5 b5 4.cxb5 a6 5.bxa6 g6 6.Nc3 Bxa6 7.g3 d6 8.Bg2 Bg7
9.Nf3 Nbd7 10.Rb1 O-O 11.O-O Ne8 12.Re1 Nc7 13.e4 Nb5 14.Ne2 Nc7 15.a3 f5
16.Nf4 Ne5 17.Ng5 fxe4 18.Nfe6 Nxe6 19.Nxe6 Qd7 20.Bxe4 Bh8 21.f4 Nf7 22.Qc2
{#r} 1-0

[Event "It (open)"]
[Site "masterchessopen.com - Dortmund (Germany)"]
[Date "2008.07.04"]
[Round "7"]
[White "Lang Daniel (GER)"]
[Black "Sondermann Dirk (GER)"]
[Result "1-0"]
[WhiteElo "2062"]
[BlackElo "2061"]

1.d4 Nf6 2.c4 c5 3.d5 b5 4.cxb5 a6 5.bxa6 Bxa6 6.Nc3 d6 7.Nf3 g6 8.g3 Bg7
9.Bg2 Nbd7 10.h3 O-O 11.O-O Qa5 12.Rb1 Rfb8 13.Qc2 Ne8 14.Bd2 Nc7 15.Qe4 Ne5
16.Nxe5 Bxe5 17.Qh4 Nb5 18.Ne4 {#r} 1-0

[Event "It (open)"]
[Site "masterchessopen.com - St. Veit (Austria)"]
[Date "2008.07.12"]
[Round "8"]
[White "Genser Harald (AUT)"]
[Black "Kavcic Zan (SLO)"]
[Result "0-1"]
[WhiteElo "2315"]
[BlackElo "2313"]

1.d4 Nf6 2.c4 c5 3.d5 b5 4.cxb5 a6 5.bxa6 Bxa6 6.Nc3 g6 7.g3 Bg7 8.Bg2 d6
9.Nf3 Nbd7 10.Rb1 Nb6 11.b3 Bc8 12.e4 Ba6 13.Qc2 O-O 14.Ne2 c4 15.b4 Bb5
16.Nc3 Bd7 17.Bb2 Na4 18.Nxa4 Rxa4 19.Bc3 Qb6 20.Rb2 Ra3 21.Bd4 Qa6 22.O-O c3
23.Bxc3 Rc8 24.Rb3 Ng4 25.b5 Bxb5 26.Rxa3 Qxa3 27.Bb2 Rxc2 {#R} 0-1

[Event "It (cat.3)"]
[Site "masterchessopen.com - Reykjavik (Iceland)"]
[Date "2008.07.20"]
[Round "7"]
[White "Lazarev Vladimir (FRA)"]
[Black "Lagerman Robert (ISL)"]
[Result "1-0"]
[WhiteElo "2479"]
[BlackElo "2363"]

1.d4 Nf6 2.c4 c5 3.d5 b5 4.cxb5 a6 5.bxa6 g6 6.Nc3 Bxa6 7.g3 d6 8.Bg2 Bg7
9.Nf3 Nfd7 10.O-O Nb6 11.Re1 O-O 12.Bf4 Nc4 13.Qc1 Re8 14.Bh6 Bh8 15.Ng5 Nd7
16.Bh3 Nf8 17.Qf4 Bf6 18.Nce4 Ne5 19.Nxf6+ exf6 20.Ne4 Nfd7 21.Nxd6 Re7 22.Ne4
f5 23.Bg5 fxe4 24.d6 f6 25.dxe7 Qxe7 26.Qxe4 Nb6 27.f4 Bb7 28.Qxe5 {#r} 1-0

[Event "It (open)"]
[Site "masterchessopen.com - Chapingo (Mexico)"]
[Round "1"]
[White "Alvarez Miguel Angel (MEX)"]
[Black "Espinosa Rafael (MEX)"]
[Result "0-1"]
[WhiteElo "2101"]
[BlackElo "2410"]

1.d4 Nf6 2.c4 c5 3.d5 b5 4.cxb5 a6 5.bxa6 g6 6.Nc3 Bxa6 7.Nf3 d6 8.g3 Bg7
9.Bg2 Nbd7 10.Rb1 Nb6 11.b3 O-O 12.O-O Qc7 13.Re1 Rfb8 14.a4 Ng4 15.Bb2 Nc4
16.bxc4 Rxb2 17.Rxb2 Bxc3 18.Rc2 Bxe1 19.Qxe1 Rb8 20.h3 Ne5 21.e4 Nxc4 22.Bf1
Rb4 23.a5 Qxa5 24.e5 Nxe5 25.Nxe5 dxe5 26.Qxe5 Rb1 {#R} 0-1

[Event "It (open)"]
[Site "masterchessopen.com - Veria (Greece)"]
[Date "2008.09.06"]
[Round "4"]
[White "Sidiropoulos Nikolaos (GRE)"]
[Black "Ntiloudi Despina (GRE)"]
[Result "0-1"]
[WhiteElo "2081"]
[BlackElo "2040"]

1.d4 Nf6 2.c4 c5 3.d5 b5 4.cxb5 a6 5.bxa6 g6 6.Nc3 Bxa6 7.g3 d6 8.Bg2 Bg7
9.Nf3 Nbd7 10.O-O Nb6 11.Re1 O-O 12.e4 Ng4 13.h3 Ne5 14.Nxe5 Bxe5 15.Bh6 Re8
16.Rc1 Nc4 17.Rc2 Nxb2 18.Qf3 Qa5 19.Rb1 Nc4 20.Rb3 Reb8 21.Bc1 Bd4 22.Bf1
Rxb3 23.Bxc4 Rxc3 {#R} 0-1

[Event "Ch World (juniors) (under 14) (g)"]
[Site "masterchessopen.com - Vung Tau (Vietnam)"]
[Date "2008.10.21"]
[Round "2"]
[White "Samigullina Diana (RUS)"]
[Black "Tran My Linh (GER)"]
[Result "1-0"]
[WhiteElo "2080"]
[BlackElo "1898"]

1.d4 c5 2.d5 Nf6 3.c4 b5 4.cxb5 a6 5.bxa6 Bxa6 6.Nc3 d6 7.g3 g6 8.Bg2 Bg7
9.Nf3 O-O 10.O-O Nbd7 11.Rb1 Qc7 12.b3 Rfb8 13.Qc2 Nb6 14.Rd1 Ne8 15.Bb2 Qd7
16.Ne4 Bxb2 17.Qxb2 Nc7 18.Qd2 Kg7 19.Nfg5 Bb7 20.h4 Bxd5 21.h5 h6 22.Nxf7
Bxf7 23.Nxc5 dxc5 24.Qb2+ {#r} 1-0

[Event "It (open)"]
[Site "masterchessopen.com - Torquay (England)"]
[Date "2008.11.22"]
[Round "3"]
[White "Eames Robert (ENG)"]
[Black "Waterfield John (ENG)"]
[Result "1-0"]
[WhiteElo "2329"]
[BlackElo "2018"]

1.d4 Nf6 2.c4 c5 3.d5 b5 4.cxb5 a6 5.bxa6 g6 6.Nc3 Bxa6 7.g3 d6 8.Bg2 Bg7
9.Nf3 Nbd7 10.Rb1 Ng4 11.O-O O-O 12.Qc2 Qa5 13.Bd2 Rfb8 14.b3 Qa3 15.Bh3 h5
16.Nh4 c4 17.Nxg6 cxb3 18.axb3 fxg6 19.Qxg6 Ndf6 20.Bxg4 hxg4 21.Bh6 Ne8
22.Ne4 Bc8 {#r} 1-0

[Event "It (open)"]
[Site "masterchessopen.com - Saratov (Russia)"]
[Date "2008.12.21"]
[Round "9"]
[White "Avdeeva Veronika (RUS)"]
[Black "Shukh Nikolai (RUS)"]
[Result "0-1"]
[WhiteElo "2102"]
[BlackElo "2377"]

1.d4 Nf6 2.c4 c5 3.d5 b5 4.cxb5 a6 5.bxa6 g6 6.Nc3 Bxa6 7.g3 d6 8.Bg2 Bg7
9.Nf3 Nbd7 10.Rb1 O-O 11.O-O Ng4 12.Qc2 Qa5 13.h3 Nge5 14.Nd2 Rfb8 15.a4 Rb7
16.Re1 Rab8 17.Na2 Bc4 18.b4 cxb4 19.Nxc4 Nxc4 20.Qxc4 b3 21.Be3 bxa2 22.Qxa2
Rb2 {#R} 0-1

[Event "Ch Colombia (juniors) (under 20) (g)"]
[Site "masterchessopen.com - Bogota (Colombia)"]
[Round "2"]
[White "Rodriguez Rueda Paula Andrea (COL)"]
[Black "Garcia Linda Alexandra (COL)"]
[Result "1-0"]
[WhiteElo "2030"]
[BlackElo "1556"]

1.d4 Nf6 2.c4 c5 3.d5 b5 4.cxb5 a6 5.bxa6 Bxa6 6.g3 d6 7.Bg2 g6 8.Nc3 Bg7
9.Nf3 Nbd7 10.O-O O-O 11.Re1 Rb8 12.e4 Nb6 13.Qc2 Qc7 14.Rb1 Rfc8 15.Bf4 Nfd7
16.Bh3 Nc4 17.Qc1 Qa5 18.Bxd7 {#r} 1-0

[Event "Ch Belgium (juniors) (under 16)"]
[Site "masterchessopen.com - Houffalize (Belgium)"]
[Date "2009.04.14"]
[Round "3"]
[White "Ghyselen Wouter (BEL)"]
[Black "Weidert Florian"]
[Result "1-0"]
[WhiteElo "1886"]
[BlackElo "1479"]

1.d4 Nf6 2.c4 c5 3.d5 b5 4.cxb5 a6 5.bxa6 Bxa6 6.Nc3 g6 7.Nf3 d6 8.g3 Bg7
9.Bg2 Nbd7 10.O-O O-O 11.Rb1 Bb7 12.Re1 Nb6 13.e4 Nh5 14.Qc2 Bxc3 15.bxc3 Ba6
16.Bh6 Ng7 17.c4 Nxc4 18.Qc3 e5 19.dxe6 f6 20.Bf1 Ne5 21.Bxa6 Rxa6 22.Nxe5
fxe5 23.Qc4 Qc8 24.e7+ Rf7 {#r} 1-0

[Event "It (open)"]
[Site "masterchessopen.com - Barbera (Spain)"]
[Date "2009.07.06"]
[Round "3"]
[White "Peralta Fernando (ARG)"]
[Black "Asis Gargatagli Hipolit (ESP)"]
[Result "1-0"]
[WhiteElo "2545"]
[BlackElo "2439"]

1.d4 Nf6 2.c4 c5 3.d5 b5 4.cxb5 a6 5.bxa6 g6 6.Nc3 Bxa6 7.Nf3 d6 8.g3 Bg7
9.Bg2 Nbd7 10.Rb1 Nb6 11.b3 Bc8 12.Nh4 h6 13.Qc2 Qd7 14.Bb2 g5 15.Nf3 Bb7
16.Rd1 O-O 17.O-O Qg4 18.e4 Qh5 19.a4 Nbd7 20.h3 Bc8 21.Rfe1 g4 22.Nh4 Ne5
23.Ne2 gxh3 24.Nf4 Qg5 25.Nxh3 {#r} 1-0

[Event "Ch Puerto Rico"]
[Site "masterchessopen.com - Caguas (Puerto Rico)"]
[Date "2009.07.15"]
[Round "3"]
[White "Rodriguez Santiago Jaime (PUR)"]
[Black "Santa Torres Juan (PUR)"]
[Result "0-1"]
[WhiteElo "2105"]
[BlackElo "2229"]

1.d4 Nf6 2.c4 c5 3.d5 b5 4.cxb5 a6 5.bxa6 g6 6.Nc3 Bxa6 7.g3 d6 8.Bg2 Bg7
9.Nf3 O-O 10.Rb1 Nbd7 11.O-O Qb6 12.b3 Rfb8 13.a4 Ne8 14.Bd2 Nc7 15.Qc2 Nf6
16.Ng5 Bb7 17.e4 Ba6 18.Rfe1 Ng4 19.Bh3 Ne5 20.Bf1 h6 21.Bxa6 Nxa6 22.f4 Nb4
{#R} 0-1

[Event "It (open)"]
[Site "masterchessopen.com - Paracin (Serbia)"]
[Date "2009.08.19"]
[Round "1"]
[White "Milenkovic Blagoje (SRB)"]
[Black "Kasparov Sergey (BLR)"]
[Result "0-1"]
[WhiteElo "2155"]
[BlackElo "2487"]

1.d4 Nf6 2.c4 c5 3.d5 b5 4.cxb5 a6 5.bxa6 g6 6.Nc3 Bxa6 7.g3 d6 8.Nf3 Bg7
9.Bg2 Nbd7 10.O-O O-O 11.Re1 Nb6 12.e4 Nfd7 13.Qc2 Nc4 14.b3 Qa5 15.Bh6 Na3
16.Qc1 Qxc3 17.Qxc3 Bxc3 {#R} 0-1

[Event "Tournament"]
[Site "masterchessopen.com - Ciego de Avila (Cuba)"]
[Date "2009.09.25"]
[Round "5"]
[White "Hernandez Rodney (CUB)"]
[Black "Fonseca Jose (CUB)"]
[Result "0-1"]
[WhiteElo "2163"]
[BlackElo "2020"]

1.d4 Nf6 2.Nf3 g6 3.c4 c5 4.d5 b5 5.cxb5 a6 6.bxa6 Bxa6 7.Nc3 d6 8.g3 Bg7
9.Bg2 Nbd7 10.Rb1 O-O 11.O-O Nb6 12.b3 Qd7 13.Bb2 Rfb8 14.Re1 Qa7 15.a4 Bc8
16.e4 Bg4 17.Nb5 Qd7 18.Ra1 c4 19.bxc4 Nxc4 20.Bd4 Rc8 21.Qd3 Bh6 22.h4 Bxf3
23.Bxf3 Ng4 24.Bxg4 Qxg4 25.Na7 Rxa7 26.Bxa7 Ne5 27.Qe2 Nf3+ 28.Kg2 Nxh4+ {#R}
0-1

[Event "Ch World (juniors) (under 14) (g)"]
[Site "masterchessopen.com - Kemer (Turkey)"]
[Date "2009.11.16"]
[Round "5"]
[White "Samigullina Diana (RUS)"]
[Black "Guo Emma (AUS)"]
[Result "1-0"]
[WhiteElo "2152"]
[BlackElo "1914"]

1.d4 Nf6 2.c4 c5 3.d5 b5 4.cxb5 a6 5.bxa6 g6 6.g3 Bxa6 7.Bg2 d6 8.Nc3 Bg7
9.Nf3 O-O 10.O-O Nbd7 11.Rb1 Qb6 12.b3 Rfb8 13.Bb2 Qb4 14.h3 Ng4 15.Qc2 Nge5
16.Nd2 c4 17.f4 cxb3 18.axb3 Qd4+ 19.Kh2 Nd3 20.Nf3 Qb4 21.exd3 Rc8 22.Rbc1
Nc5 23.Na2 Qb7 24.Bxg7 Nxd3 25.Bc3 {#r} 1-0

[Event "Ch World (juniors) (under 16) (g)"]
[Site "masterchessopen.com - Kemer (Turkey)"]
[Date "2009.11.16"]
[Round "5"]
[White "Anu Bayar (MGL)"]
[Black "Chakvetadze Dea (GEO)"]
[Result "1-0"]
[WhiteElo "1845"]
[BlackElo "1688"]

1.d4 Nf6 2.c4 c5 3.d5 b5 4.cxb5 a6 5.bxa6 Bxa6 6.Nc3 d6 7.g3 g6 8.Nf3 Bg7
9.Bg2 O-O 10.Qc2 Nbd7 11.Rb1 Rb8 12.O-O Ng4 13.h3 Nge5 14.Nxe5 Nxe5 15.Rd1 Qa5
16.a4 Nc4 17.Na2 Rb7 18.b3 Rfb8 19.e4 Ne5 20.f4 Nd7 21.Bb2 Nb6 22.Kh2 Be2
23.Re1 Qa6 24.Bc1 Nc4 25.Nc3 Bf8 26.Ra1 f6 27.h4 Na5 28.Be3 {#r} 1-0

[Event "Ch World (juniors) (under 16) (g)"]
[Site "masterchessopen.com - Kemer (Turkey)"]
[Date "2009.11.22"]
[Round "11"]
[White "Anu Bayar (MGL)"]
[Black "Shangarayeva Daiana (KAZ)"]
[Result "0-1"]
[WhiteElo "1845"]
[BlackElo "1888"]

1.d4 Nf6 2.c4 c5 3.d5 b5 4.cxb5 a6 5.bxa6 d6 6.Nc3 Bxa6 7.Nf3 g6 8.g3 Bg7
9.Bg2 O-O 10.O-O Nbd7 11.Rb1 Qa5 12.Nd2 Rfb8 13.Qc2 Ne8 14.Re1 Ra7 15.Bf1 Nc7
16.Nb3 Qb4 17.Bd2 Bc4 18.Nc1 Qb7 19.e4 Bxf1 20.Rxf1 Ne5 21.b3 Nf3+ 22.Kg2 Nxd2
23.Qxd2 Qb4 24.N1e2 Nb5 25.Rbc1 Nxc3 26.Rxc3 Bxc3 27.Qxc3 Rxa2 {#R} 0-1

[Event "It (open) \"]
[Site "masterchessopen.com - Schwaebisch Gmund (Germany)"]
[Date "2010.01.04"]
[Round "7"]
[White "Hoenick Andreas (GER)"]
[Black "Strobl Frank (GER)"]
[Result "1-0"]
[WhiteElo "2216"]
[BlackElo "2022"]

1.d4 Nf6 2.c4 c5 3.d5 b5 4.cxb5 a6 5.bxa6 g6 6.Nc3 Bxa6 7.g3 d6 8.Bg2 Bg7
9.Nf3 Nbd7 10.Rb1 Nb6 11.b3 Bc8 12.e4 Ba6 13.Bf1 Bxf1 14.Kxf1 O-O 15.Bb2 Ra6
16.Kg2 Qa8 17.Re1 Rb8 18.Qc2 Ne8 19.a4 Nc7 20.Nd1 c4 21.Bxg7 Kxg7 22.Ne3 f5
23.exf5 Ncxd5 24.Nxd5 Nxd5 25.bxc4 Rxb1 26.Qxb1 Nf6 27.Rxe7+ Kf8 28.Rb7 {#r}
1-0

[Event "It (open) \"]
[Site "masterchessopen.com - Caleta (England)"]
[Date "2010.02.02"]
[Round "8"]
[White "Malakhatko Vadim (BEL)"]
[Black "Tate Alan (SCO)"]
[Result "1-0"]
[WhiteElo "2578"]
[BlackElo "2234"]

1.d4 Nf6 2.c4 c5 3.d5 b5 4.cxb5 a6 5.bxa6 g6 6.Nc3 Bxa6 7.g3 d6 8.Bg2 Bg7
9.Nf3 O-O 10.O-O Nbd7 11.Rb1 Ne8 12.Qc2 Nc7 13.Rd1 Bxc3 14.Qxc3 Bxe2 15.Bh6
Nf6 16.Rd2 Bxf3 17.Bxf3 Re8 18.b4 Nb5 19.Qa1 Na3 20.Rb3 cxb4 21.Rxb4 Qc7
22.Rb3 Ra5 23.Re2 Rc8 24.Rbe3 Qc1+ 25.Qxc1 Rxc1+ 26.Kg2 Rc2 27.Rxa3 {#r} 1-0

[Event "It (open) (b)"]
[Site "masterchessopen.com - Moscow (Russia)"]
[Date "2010.02.07"]
[Round "9"]
[White "Chaplinskiy Sergey (RUS)"]
[Black "Shikin Sergey (RUS)"]
[Result "0-1"]
[WhiteElo "1835"]
[BlackElo "1795"]

1.d4 Nf6 2.c4 c5 3.d5 b5 4.cxb5 a6 5.bxa6 Bxa6 6.Nc3 d6 7.g3 g6 8.Bg2 Bg7
9.Nf3 O-O 10.O-O Nbd7 11.Qc2 Qa5 12.Re1 Rfb8 13.Bd2 Nb6 14.e4 Nc4 15.Bc1 Nd7
16.Nd2 Nxb2 17.Bxb2 Rxb2 18.Qxb2 Bxc3 19.Nb3 Qb4 20.Qc1 Bxe1 21.Qxe1 Qxe1+
22.Rxe1 Bc4 23.Nd2 Bxa2 24.Ra1 Bxd5 25.Rb1 Bc6 26.f4 Ra2 27.Nc4 Rxg2+ {#R} 0-1

[Event "Tournament"]
[Site "masterchessopen.com - Sao Paulo (Brazil)"]
[Date "2010.02.18"]
[Round "9"]
[White "Reis Alan Maranhao"]
[Black "Nikolic Jovane (BRA)"]
[Result "1-0"]
[WhiteElo "2006"]
[BlackElo "1686"]

1.d4 Nf6 2.c4 c5 3.d5 b5 4.cxb5 a6 5.bxa6 Bxa6 6.Nc3 d6 7.Nf3 g6 8.g3 Bg7
9.Bg2 O-O 10.O-O Qa5 11.Qc2 Nbd7 12.Rd1 Rfd8 13.Bg5 h6 14.Bf4 Nb6 15.Nd2 c4
16.e4 Nfd7 17.Nf3 Nc5 18.Be3 Bxc3 19.bxc3 Nba4 20.Bd4 Rab8 21.Qc1 Nd3 22.Qxh6
Ne5 23.Bxe5 dxe5 24.Ng5 Rb2 25.Qh7+ {#r} 1-0

[Event "Tournament \"]
[Site "masterchessopen.com - Barcelona (Spain)"]
[Date "2010.04.13"]
[Round "1"]
[White "Porras Mateo Felipe (ESP)"]
[Black "Rebull CamarasaRamon"]
[Result "1-0"]
[WhiteElo "2196"]
[BlackElo "1835"]

1.d4 Nf6 2.c4 c5 3.d5 b5 4.cxb5 a6 5.bxa6 g6 6.g3 Bxa6 7.Bg2 d6 8.Nc3 Bg7
9.Nf3 Nbd7 10.O-O Nb6 11.Nd2 O-O 12.Re1 Ng4 13.h3 Ne5 14.Qc2 Ra7 15.b3 Qa8
16.Bb2 Bb7 17.f4 Ned7 18.e4 Rc8 19.a4 Ba6 20.a5 {#r} 1-0

[Event "Ch City"]
[Site "masterchessopen.com - Nis (Serbia)"]
[Date "2010.06.01"]
[Round "8"]
[White "Pavlovic Dragoljub (SRB)"]
[Black "Livaja B Mario (SRB)"]
[Result "1-0"]
[WhiteElo "2265"]
[BlackElo "2221"]

1.d4 Nf6 2.c4 c5 3.d5 b5 4.cxb5 a6 5.bxa6 Bxa6 6.Nc3 d6 7.g3 g6 8.Bg2 Bg7
9.Nf3 O-O 10.O-O Nbd7 11.Rb1 Qa5 12.Bd2 Rfb8 13.a4 Ne8 14.Qc2 Nb6 15.b3 Bc8
16.Rfe1 Qa6 17.e4 c4 18.Bf1 cxb3 19.Rxb3 Qa7 20.Reb1 Qc7 21.Be3 Bd7 22.Bxb6
Rxb6 23.Rxb6 Bxa4 24.Qd3 Bxc3 25.Rb7 Qc8 26.Qc4 Nf6 27.Rc7 {#r} 1-0

[Event "It (open)"]
[Site "masterchessopen.com - Varna (Bulgaria)"]
[Date "2010.06.14"]
[Round "3"]
[White "Jojua Davit (GEO)"]
[Black "Babazade Javidan (AZE)"]
[Result "1-0"]
[WhiteElo "2533"]
[BlackElo "2091"]

1.d4 Nf6 2.c4 c5 3.d5 b5 4.cxb5 a6 5.bxa6 Bxa6 6.Nf3 d6 7.g3 g6 8.Bg2 Bg7
9.Nc3 O-O 10.O-O Nbd7 11.Rb1 Qa5 12.Bd2 Rfb8 13.b3 Qc7 14.Re1 Ng4 15.Qc2 Nge5
16.a4 Ra7 17.Nxe5 Nxe5 18.h3 Rab7 19.Na2 Nd7 20.b4 cxb4 21.Qxc7 Rxc7 22.Nxb4
Rc4 23.Nc6 Rxb1 24.Rxb1 Bf6 25.Rc1 Ne5 26.f4 {#r} 1-0

[Event "Ch Greece (juniors) (under 16) (g)"]
[Site "masterchessopen.com - Kallithea (Greece)"]
[Date "2010.06.26"]
[Round "1"]
[White "Alexiou Dimitra (GRE)"]
[Black "Barbageorgopoulou Fani (GRE)"]
[Result "0-1"]
[WhiteElo "1586"]
[BlackElo "1887"]

1.d4 Nf6 2.c4 c5 3.d5 b5 4.cxb5 a6 5.bxa6 d6 6.g3 g6 7.Bg2 Bg7 8.Nc3 Bxa6
9.Nf3 Nbd7 10.O-O Nb6 11.Re1 O-O 12.e4 Nfd7 13.Qc2 Nc4 14.Bf4 Qa5 15.Bd2 Rfb8
16.Rab1 Nde5 17.b4 Nxf3+ 18.Bxf3 cxb4 19.Ne2 Na3 20.Qd1 Nxb1 21.Qxb1 Bc4
22.Rc1 Qb5 23.Nf4 Rxa2 24.Be3 Rba8 25.Nd3 Bxd3 26.Qxa2 Rxa2 27.h4 Rc2 28.Rd1
b3 {#R} 0-1

[Event "Ch Greece (juniors) (under 12)"]
[Site "masterchessopen.com - Kallithea (Greece)"]
[Date "2010.06.30"]
[Round "7"]
[White "Nikolaou Spiridon (GRE)"]
[Black "Hatzigrigoriou Georgios (GRE)"]
[Result "0-1"]
[WhiteElo "1601"]
[BlackElo "1602"]

1.Nf3 Nf6 2.d4 g6 3.c4 c5 4.d5 b5 5.cxb5 a6 6.bxa6 Bxa6 7.Nc3 d6 8.g3 Bg7
9.Bg2 Nbd7 10.O-O Ng4 11.Rb1 O-O 12.Qc2 Bxc3 13.bxc3 Bc4 14.Ng5 Rxa2 15.Rb2
Rxb2 16.Bxb2 Ngf6 17.Qd2 Qb6 18.Re1 Bxd5 19.Bh3 Ne5 20.Rb1 h6 21.f4 Nc4 {#R}
0-1